| 000 | 00969nam0a22002291 4500 | ||
|---|---|---|---|
| 001 | rc\3952196 | ||
| 005 | 20260407053311.0 | ||
| 035 | _a(NLR Aleph) 007923964 | ||
| 090 |
_a8175934 _c8175934 |
||
| 100 | _a20130415a19569999|||y0rusy50 ca | ||
| 101 | 0 | _arus | |
| 102 | _aRU | ||
| 105 | _ay z ||||| | ||
| 200 | 1 |
_aМетодическое письмо _e№ 1- _fМ-во здрав. РСФСР. Ленингр. гор. отд. здравоохранения |
|
| 210 |
_aЛенинград _cБ. и. _d1956- |
||
| 710 | 0 | 2 |
_aЛенинградский городской отдел здравоохранения _3RU\NLR\AUTH\8810023209 _9544446 |
| 801 | 0 |
_aRU _bNLR _gpsbo |
|
| 801 | 1 |
_aRU _bELAR _2rusmarc |
|
| 830 | _aПеречень имеющихся в библиотеке томов, номеров, годов этого издания смотри в каталоге периодических изданий | ||
| 852 |
_aNLR _jП16/638 |
||
| 942 | _cBOOK | ||
| 980 | _aNB | ||